000
00500nam a2200169Ia 4500
008
090711s9999 xx 000 0 und d
082
_b
19
100
_a
कानसकर किसन
245
_a
रातराणी
260
_b
शांती पब्लिकेशन्स
_c
2000
300
_a
216
600
_a
कानसकर किसन
630
_a
रातराणी
700
_a
कानसकर किसन
730
_a
रातराणी
942
_c
BOOK
999
_c
336976
_d
336976